00664 a2200229 4500260001000000630003800010037001200048650002600060100002000086260002000106245009000126300001100216650003000227260000900257300001000266100000700276037001100283037001100294020001800305999001700323952009400340 aParis a30 - Sciences sociales en general b2, CIUF a3 - SCIENCES SOCIALES aCrozier, Michel bEd. Seli Arslan aA quoi sert la sociologie des organisations ? Tome 1, Théorie, culture, société a288 p. aOrganisation : sociologie c2000 b22 cm lFr a05/133 a05/134 a2-84276-050-6 c36377d36377 00104070aBUACbBUACd2009-02-28l0o301.651 CROr2009-02-28 00:00:00w2009-02-28yLIVR